Statistiken für Länder im Wort Stewart auf der Weltkarte

Klicken Sie hier um das Quiz zu spielen!

Allgemein

  • Dieses Quiz wurde 44 mal gespielt
  • Das Durchschnittsergebnis liegt bei 58 aus 64

Antworten auf der Karte

Die Antworten werden auf der Karte rot bzw. grün angezeigt, abhängig davon wie oft sie richtig erraten wurden.
 

Antwortstatistiken

Land% Korrekt
China
100%
Italien
100%
Japan
100%
Libyen
100%
Marokko
100%
Mongolei
100%
Türkei
100%
Ägypten
98%
Algerien
98%
Bolivien
98%
Brasilien
98%
Chile
98%
Iran
98%
Kasachstan
98%
Kolumbien
98%
Peru
98%
Russland
98%
Saudi-Arabien
98%
Spanien
98%
Syrien
98%
Tunesien
98%
Venezuela
98%
Afghanistan
95%
Ecuador
95%
Griechenland
95%
Indien
95%
Irak
95%
Israel
95%
Jordanien
95%
Libanon
95%
Malta
95%
Pakistan
95%
Sudan
95%
Zypern
95%
Kap Verde
93%
Katar
93%
Mali
93%
Niger
93%
Vereinigte Arabische Emirate
93%
Tadschikistan
90%
Usbekistan
90%
Benin
88%
Elfenbeinküste
88%
Ghana
88%
Mauretanien
88%
Sierra Leone
88%
Togo
88%
Tschad
88%
Turkmenistan
88%
Guinea
85%
Nepal
85%
Senegal
85%
Bangladesch
83%
Bhutan
83%
Burkina Faso
83%
Guyana
83%
Kirgisistan
83%
Liberia
83%
Nigeria
83%
Bahrain
78%
Paraguay
78%
Albanien
73%
Trinidad und Tobago
70%
Kuwait
50%

Verteilung der Resultate

Perzentil nach korrekt beantworteten Fragen

Anzahl Personen mit jedem Resultat

Ihre Resultats-Entwicklung

Sie haben dieses Quiz noch nicht gespielt